000 00352nam a2200157Ia 4500
003 OSt
005 20240311111555.0
008 170523s9999 xx 000 0 und d
020 _a978-0761997955
040 _ciimtu meerut
100 _aSADHAK- H
245 0 _aMUTUAL FUNDS IN iNDIA
260 _bRESPONSE BOOKS
260 _c2002
942 _2ddc
_c02
999 _c1323
_d1323